Global Carbon Pricing (Record no. 93842)

MARC details
000 -LEADER
fixed length control field 02343nam a2200277Ii 4500
008 - FIXED-LENGTH DATA ELEMENTS--GENERAL INFORMATION
fixed length control field 221202s xx 000 0 und d
245 #0 - TITLE STATEMENT
Title Global Carbon Pricing
246 ## - VARYING FORM OF TITLE
Title proper/short title The Path to Climate Cooperation
264 #1 - PRODUCTION, PUBLICATION, DISTRIBUTION, MANUFACTURE, AND COPYRIGHT NOTICE
Place of production, publication, distribution, manufacture Cambridge
Name of producer, publisher, distributor, manufacturer The MIT Press
Date of production, publication, distribution, manufacture, or copyright notice 2017
300 ## - PHYSICAL DESCRIPTION
Extent 1 online resource (268 pages)
336 ## - CONTENT TYPE
Content type term text
Content type code txt
Source rdacontent
337 ## - MEDIA TYPE
Media type term computer
Media type code c
Source rdamedia
338 ## - CARRIER TYPE
Carrier type term online resource
Carrier type code cr
Source rdacarrier
520 ## - SUMMARY, ETC.
Summary, etc. Why the traditional "pledge and review" climate agreements have failed, and how carbon pricing, based on trust and reciprocity, could succeed.After twenty-five years of failure, climate negotiations continue to use a "pledge and review" approach: countries pledge (almost anything), subject to (unenforced) review. This approach ignores everything we know about human cooperation. In this book, leading economists describe an alternate model for climate agreements, drawing on the work of the late Nobel laureate Elinor Ostrom and others. They show that a "common commitment" scheme is more effective than an "individual commitment" scheme; the latter depends on altruism while the former involves reciprocity ("we will if you will").The contributors propose that global carbon pricing is the best candidate for a reciprocal common commitment in climate negotiations. Each country would commit to placing charges on carbon emissions sufficient to match an agreed global price formula. The contributors show that carbon pricing would facilitate negotiations and enforcement, improve efficiency and flexibility, and make other climate policies more effective. Additionally, they analyze the failings of the 2015 Paris climate conference.ContributorsRichard N. Cooper, Peter Cramton, Ottmar Edenhofer, Christian Gollier, Éloi Laurent, David JC MacKay, William Nordhaus, Axel Ockenfels, Joseph E. Stiglitz, Steven Stoft, Jean Tirole, Martin L. Weitzman
653 ## - INDEX TERM--UNCONTROLLED
Uncontrolled term Clean Air
653 ## - INDEX TERM--UNCONTROLLED
Uncontrolled term Climate Change
653 ## - INDEX TERM--UNCONTROLLED
Uncontrolled term Co2
653 ## - INDEX TERM--UNCONTROLLED
Uncontrolled term Emissions
653 ## - INDEX TERM--UNCONTROLLED
Uncontrolled term Environmental Economics
700 1# - ADDED ENTRY--PERSONAL NAME
Personal name Cramton, Peter
700 1# - ADDED ENTRY--PERSONAL NAME
Personal name MacKay, David JC
700 1# - ADDED ENTRY--PERSONAL NAME
Personal name Ockenfels, Axel
700 1# - ADDED ENTRY--PERSONAL NAME
Personal name Stoft, Steven
856 ## - ELECTRONIC LOCATION AND ACCESS
Uniform Resource Identifier <a href="https://docs.google.com/spreadsheets/d/1yKIrdCPDAG_9c22mwoOIO2DOhtj65Wqa/edit?usp=sharing&ouid=106555315294820607512&rtpof=true&sd=true ">https://docs.google.com/spreadsheets/d/1yKIrdCPDAG_9c22mwoOIO2DOhtj65Wqa/edit?usp=sharing&ouid=106555315294820607512&rtpof=true&sd=true </a>
Link text List of Curated E-Books
942 ## - ADDED ENTRY ELEMENTS (KOHA)
Koha item type E-Book

No items available.

University of Rizal System
Email us at univlibservices@urs.edu.ph

Visit our Website www.urs.edu.ph/library